| 000 | 00574nam a22001697a 4500 | ||
|---|---|---|---|
| 008 | 220222b |||||||| |||| 00| 0 eng d | ||
| 020 | _a9780716760221 | ||
| 050 | _aQA 36 .D48 1994 | ||
| 100 | _aDevlin, Keith, | ||
| 245 |
_aMathematics, the science of patterns: the sarch for order in life, mind, and the universe / _cDevlin, Keith. |
||
| 250 | _a2nd ed | ||
| 260 |
_aNew York: _bScientific American Library, _c1997. |
||
| 300 |
_aix,306p. : _bill. _c26cm |
||
| 500 | _aincludes index. | ||
| 650 | _aMathematics. | ||
| 942 |
_2lcc _cBOOKS _hQA 36 .D48 1994 |
||
| 999 |
_c31095 _d31095 |
||